Tales from dayrut / (Record no. 15479)
[ view plain ]
| 000 -LEADER | |
|---|---|
| fixed length control field | 01387nam a22003497a 4500 |
| 003 - CONTROL NUMBER IDENTIFIER | |
| control field | EG-ScBUE |
| 005 - DATE AND TIME OF LATEST TRANSACTION | |
| control field | 20220307103803.0 |
| 008 - FIXED-LENGTH DATA ELEMENTS--GENERAL INFORMATION | |
| fixed length control field | 110530s2008 ua f 000 f eeng d |
| 020 ## - INTERNATIONAL STANDARD BOOK NUMBER | |
| International Standard Book Number | 9774161874 |
| 020 ## - INTERNATIONAL STANDARD BOOK NUMBER | |
| International Standard Book Number | 9789774161872 |
| 040 ## - CATALOGING SOURCE | |
| Original cataloging agency | EG-ScBUE |
| Language of cataloging | eng |
| Description conventions | rda |
| Transcribing agency | EG-ScBUE |
| Modifying agency | EG-ScBUE |
| 041 1# - LANGUAGE CODE | |
| Language code of text/sound track or separate title | eng |
| Language code of original and/or intermediate translations of text | ara |
| 082 04 - DEWEY DECIMAL CLASSIFICATION NUMBER | |
| Edition number | 22 |
| Classification number | 892.736 |
| Item number | MUS |
| 100 1# - MAIN ENTRY--PERSONAL NAME | |
| 9 (RLIN) | 24473 |
| Personal name | Mustajab, Muhammad, |
| Relator term | author. |
| 240 ## - UNIFORM TITLE | |
| Uniform title | <a href="من التاريخ السري لنعمان عبد الحافظ و ديروط الشريف">من التاريخ السري لنعمان عبد الحافظ و ديروط الشريف</a> |
| Language of a work | Eng |
| 245 ## - TITLE STATEMENT | |
| Title | Tales from dayrut / |
| Statement of responsibility, etc | Mohamed Mustagab ; Translated by Humphrey Davies. |
| 264 #1 - PUBLICATION, DISTRIBUTION, ETC. (IMPRINT) | |
| Place of publication, distribution, etc | Cairo : |
| Name of publisher, distributor, etc | The American University in Cairo Press, |
| Date of publication, distribution, etc | 2008. |
| 300 ## - PHYSICAL DESCRIPTION | |
| Extent | 204 pages ; |
| Dimensions | 21 cm. |
| 336 ## - CONTENT TYPE | |
| Source | rdacontent |
| Content type term | text |
| Content type code | txt |
| 337 ## - MEDIA TYPE | |
| Source | rdamedia |
| Media type term | unmediated |
| Media type code | n |
| 338 ## - CARRIER TYPE | |
| Source | rdacarrier |
| Carrier type term | volume |
| Carrier type code | nc |
| 490 0# - SERIES STATEMENT | |
| Series statement | Modern Arabic literature |
| 500 ## - GENERAL NOTE | |
| General note | Title on cover: Tales from Dayrut: modern Arabic Stories/ Translated by Humphrey Davies |
| 500 ## - GENERAL NOTE | |
| General note | Originally published in Arabic:1983-1984, Min al-tarikh al-sirri li-Nu'man 'Abd al-Hafiz, and Dayrut al-Sharif |
| 546 ## - LANGUAGE NOTE | |
| Language note | Text in English ; translated from the Arabic. |
| 650 #7 - SUBJECT ADDED ENTRY--TOPICAL TERM | |
| Topical term or geographic name as entry element | Arabic fiction |
| General subdivision | Translations into English. |
| Source of heading or term | BUEsh |
| 651 ## - SUBJECT ADDED ENTRY--GEOGRAPHIC NAME | |
| Source of heading or term | BUEsh |
| 653 ## - INDEX TERM--UNCONTROLLED | |
| Arrived date list | May2011 |
| Resource For college | Arabic Literature |
| 655 ## - INDEX TERM--GENRE/FORM | |
| Genre/form data or focus term | Arabic fiction |
| Form subdivision | Reading book |
| 700 1# - ADDED ENTRY--PERSONAL NAME | |
| 9 (RLIN) | 1522 |
| Personal name | Davies, Humphrey Taman, |
| Relator term | translator. |
| 942 ## - ADDED ENTRY ELEMENTS (KOHA) | |
| Source of classification or shelving scheme | Dewey Decimal Classification |
| Koha item type | Book - Borrowing |
| Withdrawn status | Lost status | Source of classification or shelving scheme | Damaged status | Not for loan | Collection code | Home library | Current library | Shelving location | Date acquired | Source of acquisition | Cost, normal purchase price | Serial Enumeration / chronology | Full call number | Barcode | Date last seen | Price effective from | Koha item type |
|---|---|---|---|---|---|---|---|---|---|---|---|---|---|---|---|---|---|
| Dewey Decimal Classification | Baccah | Central Library | Central Library | Second Floor | 30/05/2011 | 80.00 | 12339 | 892.736 MUS | 000023806 | 15/07/2025 | 30/05/2011 | Book - Borrowing |